000
00348 a2200169 4500
001
70124
020
_a
8508092709
040
_c
Anchieta - Itaigara
100
_a
Perry, Kate
240
1
0
_a
Billy Bobo
_l
por
245
1
0
_a
Billy Bobo
300
_a
47
362
0
_a
2004
440
1
_a
Ática
650
4
_a
Literatura infanto-juvenil
942
_c
BK
999
_c
70124
_d
70124